000 00506nam a22001937a 4500
003 OSt
005 20240909112919.0
008 240909b |||||||| |||| 00| 0 eng d
022 _2033394917
040 _cmust
082 _a620.11 VER 2003
100 _aJohn,Vernon
_91019
245 _aIntroduction to engineering materials/
_cVernon John.
260 _aMacmillan;
_bPalgrave:
_cc2003.
300 _axvi,640p.;
_bill:
_c25cm.
500 _aIncludes index.
650 _2Engineering
942 _2z
_cB_BANK
999 _c9363
_d9363